000
00237nam a2200109Ia 4500
005
20251222144844.0
008
251222s9999||||xx |||||||||||||| ||spa||
082
_a
362.1/O65
245
0
_a
Sistemas de Salud
264
_b
OPS
942
_c
LIB
999
_c
21344
_d
21344